00963nam a2200217 i 4500001000700000003000900007005001700016008004100033080001100074100003900085245010500124260006200229300002100291502003700312594013400349650003800483710005900521852002300580999001900603952012300622189986ES-MaACL20230906223617.0200303s1969 sp |||| | spa d a341.241 aCasanovas y La Rosa, Oriol.93613314aLas formas simplificadas de conclusión de acuerdos internacionales /cpor Oriol Casanovas La Rosa. aBarcelona : b[Universidad, Facultad de Derecho], c1969. a18 p. ; c24 cm. aTesis-Univ. Barcelona (Extracto) aPrecede al tít.: Universidad de Barcelona. Secretariado de Publicaciones, Intercambio Científico y Extensión Universitaria. 4aTratados internacionales.91369482 aUniversidad de Barcelona. bFacultad de Derecho.971474 aES-MaACLjP-1414-6 c189986d189986 00104070aATENEOMbATENEOMcDEPO2d2005-05-22eSCl0oP-1414-6p1201632r2023-02-23 00:00:00w2023-02-23yMONOGRAFIA